| 000 | 00573cam a2200181 4500 | ||
|---|---|---|---|
| 082 |
_a624.17 _bROB _cL-20, P-88. |
||
| 100 | 1 |
_aRoberts N. P. Ridley P.G. _942680 |
|
| 245 | 1 | 0 | _a Worked Expamples in The Theory of structures |
| 250 | _a2d ed. | ||
| 260 |
_aNew York, _bHely Thom Limited (London). _c[1965] |
||
| 300 |
_a 221 p. _billus. _c23 cm. |
||
| 526 |
_a0 _b0 _c0 _d624_170000000000000_ROB |
||
| 650 | 0 |
_aMCE _9379 |
|
| 650 | 0 |
_aStructural analysis (Engineering) _9654 |
|
| 650 | 7 |
_aStructures, théorie des. _942681 |
|
| 700 | 1 |
_aYoung, D. H. _939828 |
|
| 942 |
_2ddc _cBK |
||
| 999 |
_c546531 _d546531 |
||